000
00269nam a2200097Ia 4500
008
210430s9999 xx 000 0 und d
082
_a
330.04 N5321 E
100
_a
Donaid G.Neweman
_9
54061
245
_a
Engineering Economic Analysis
_c
Donaid G.Neweman
942
_c
BK
_2
ddc
999
_c
564522
_d
564522